The curious case of Vodafone idea merger: Is it a saga of turbulence or a move towards potence? (Record no. 526403)
[ view plain ]
| 000 -LEADER | |
|---|---|
| fixed length control field | 01137nam a22001457a 4500 |
| 008 - FIXED-LENGTH DATA ELEMENTS--GENERAL INFORMATION | |
| fixed length control field | 240531b ||||| |||| 00| 0 eng d |
| 100 ## - MAIN ENTRY--PERSONAL NAME | |
| Personal name | Srivastava, Aman |
| 245 ## - TITLE STATEMENT | |
| Title | The curious case of Vodafone idea merger: Is it a saga of turbulence or a move towards potence? |
| 260 ## - PUBLICATION, DISTRIBUTION, ETC. (IMPRINT) | |
| Place of publication, distribution, etc | Vikapla: The Journal for Decision Makers |
| 300 ## - PHYSICAL DESCRIPTION | |
| Extent | 49(1), Jan-Mar, 2024: p.79-82 |
| 520 ## - SUMMARY, ETC. | |
| Summary, etc | The merger of Vodafone India Ltd. with Idea Cellular Ltd, the biggest in the history of the Indian telecom sector, took more than 18 months to execute from its announcement in January 2017. With a combined market share of 35% and a customer base of 400 million, the merged entity was the Titanic, created to rewrite the trajectory of the telecom sector in India. However, the Vodafone Idea saga has been one of turbulence and unrest. This case examines the background of the merger, the challenges faced by the merged entity, and the future of the merged entity.- Reproduced https://journals.sagepub.com/doi/full/10.1177/02560909241244610 |
| 773 ## - HOST ITEM ENTRY | |
| Main entry heading | Vikapla: The Journal for Decision Makers |
| 906 ## - LOCAL DATA ELEMENT F, LDF (RLIN) | |
| Subject DIP | COMMUNICATION |
| 942 ## - ADDED ENTRY ELEMENTS (KOHA) | |
| Item type | Articles |
| Withdrawn status | Lost status | Source of classification or shelving scheme | Damaged status | Not for loan | Permanent location | Current location | Date acquired | Serial Enumeration / chronology | Barcode | Date last seen | Koha item type |
|---|---|---|---|---|---|---|---|---|---|---|---|
| Indian Institute of Public Administration | Indian Institute of Public Administration | 2024-05-31 | 49(1), Jan-Mar, 2024: p.79-82 | AR132121 | 2024-05-31 | Articles |
